Štúdium diastereomérnych solí Clopidogrelu

Gespeichert in:
Bibliographische Detailangaben
1. Verfasser: Tomanová, Monika
Format: Buch
Sprache:Slowakisch
Veröffentlicht: Bratislava STU FCHPT 2012
Online-Zugang:Im OPAC anzeigen
Tags: Tag hinzufügen
Keine Tags, Fügen Sie das erste Tag hinzu!

MARC

LEADER 00000nam a2200000 a 4500
005 20260127134141.0
008 120618 2012 xo 000 0 slo d
035 |a vtls010430459 
039 9 |y 201206181132  |z mschk03 
040 |a STUSCHK1  |b slo  |c STUSCHK1  |e AACR2 
100 1 |a Tomanová, Monika 
245 1 |a Štúdium diastereomérnych solí Clopidogrelu  |c Monika Tomanová 
260 |a Bratislava  |b STU FCHPT  |c 2012 
300 |a 54 s.  |b il.  |c 30cm 
500 |a Obháj.: 4.6. 2012 
500 |a Študijný program: technická chémia 
500 |a Kombinácia študijných odborov: 4.1.14 chémia, 5.2.18 chemické technológie 
500 |a Miesto vypracovania: Oddelenie organickej chémie, FCHPT STU 
500 |a Evidenčné číslo: FCHPT-5459-50141 
500 |a Diplomová práca 
910 |a SCHK95 
999 |c 5223  |d 5223